| 000 | 00000nam##2200000za#4500 |
| 001 | 9.634074 |
| 003 | CaOODSP |
| 005 | 20220901164741 |
| 007 | cr ||||||||||| |
| 008 | 150407|2004||||xxc|||||o f|0| 0 fre|d |
| 040 | |aCaOODSP|bfre |
| 043 | |an-cn--- |
| 086 | 1 |aJ2-270/2004F-PDF |
| 110 | 1 |aCanada.|bJustice Canada. |
| 245 | 10|aL'abus de charge publique / |h[ressource électronique]|c[Par] Aline Baroud, Andrew Gibbs. |
| 260 | |aOttawa - Ontario : |bJustice Canada |c2004. |
| 300 | |a23p.|bréférences |
| 590 | |a07-04-Supp|b2007-06-29 |
| 691 | 07|aAdministration publique|2gcpds |
| 720 | 1 |aBaroud, Aline |
| 720 | 1 |aGibbs, Andrew |
| 775 | 08|tImproper use of public office / |w(CaOODSP)9.689676 |
| 856 | 40|ahttp://publications.gc.ca|qPDF|s268 Ko|uhttps://publications.gc.ca/collections/Collection/J2-270-2004F.pdf |